<?xml version="1.0" encoding="UTF-8"?>
<record
    xmlns:xsi="http://www.w3.org/2001/XMLSchema-instance"
    xsi:schemaLocation="http://www.loc.gov/MARC21/slim http://www.loc.gov/standards/marcxml/schema/MARC21slim.xsd"
    xmlns="http://www.loc.gov/MARC21/slim">

  <leader>03141nam a2200337 i 4500</leader>
  <controlfield tag="003">DO-SdBNP</controlfield>
  <controlfield tag="005">20250221141501.0</controlfield>
  <controlfield tag="007">ta</controlfield>
  <controlfield tag="008">210623e1999    dr a|||erl||| 001 0 spa d</controlfield>
  <datafield tag="040" ind1=" " ind2=" ">
    <subfield code="a">DO-SdBNP</subfield>
    <subfield code="b">spa</subfield>
    <subfield code="c">BNPHU</subfield>
    <subfield code="e">rda</subfield>
  </datafield>
  <datafield tag="041" ind1=" " ind2=" ">
    <subfield code="h">spa</subfield>
  </datafield>
  <datafield tag="082" ind1=" " ind2="4">
    <subfield code="a">343.72930946</subfield>
    <subfield code="b">C352d</subfield>
    <subfield code="2">22</subfield>
  </datafield>
  <datafield tag="100" ind1="1" ind2=" ">
    <subfield code="a">Castillo Pantale&#xF3;n , Juan Miguel,</subfield>
    <subfield code="e">autor</subfield>
    <subfield code="4">aut.</subfield>
    <subfield code="9">54034</subfield>
  </datafield>
  <datafield tag="245" ind1="1" ind2="0">
    <subfield code="a">Derecho del tr&#xE1;nsito de la Rep&#xFA;blica Dominicana : </subfield>
    <subfield code="b">responsabilidad civil, cronolog&#xED;a 1917-1998, legislaci&#xF3;n vigente, jurisprudencia, gu&#xED;a tem&#xE1;tica / </subfield>
    <subfield code="c">Juan Miguel Castillo Pantale&#xF3;n ; pr&#xF3;logo, Pedro P. Yermenos Forastieri</subfield>
  </datafield>
  <datafield tag="250" ind1=" " ind2=" ">
    <subfield code="a">segunda edici&#xF3;n corregida y actualizada.</subfield>
  </datafield>
  <datafield tag="264" ind1=" " ind2="1">
    <subfield code="a">Santo Domingo :</subfield>
    <subfield code="b">Autoridad Metropolitana de Transporte,</subfield>
    <subfield code="c">1999.</subfield>
  </datafield>
  <datafield tag="300" ind1=" " ind2=" ">
    <subfield code="a">469 p&#xE1;ginas :</subfield>
    <subfield code="b">ilustraciones ;</subfield>
    <subfield code="c">23 cm.</subfield>
  </datafield>
  <datafield tag="336" ind1=" " ind2=" ">
    <subfield code="a">texto</subfield>
    <subfield code="b">txt</subfield>
    <subfield code="2">rdacontent</subfield>
  </datafield>
  <datafield tag="337" ind1=" " ind2=" ">
    <subfield code="a">sin mediaci&#xF3;n</subfield>
    <subfield code="b">n</subfield>
    <subfield code="2">rdamedia</subfield>
  </datafield>
  <datafield tag="338" ind1=" " ind2=" ">
    <subfield code="a">volumen</subfield>
    <subfield code="b">nc</subfield>
    <subfield code="2">rdacarrier</subfield>
  </datafield>
  <datafield tag="505" ind1="0" ind2=" ">
    <subfield code="a">Presentaci&#xF3;n--</subfield>
    <subfield code="t">Pr&#xF3;logo--</subfield>
    <subfield code="t">Algunas notas sobre responsabilidad civil en materia de accidentes de tr&#xE1;nsito--</subfield>
    <subfield code="t">Cronolog&#xED;a de las disposiciones realtivas al tr&#xE1;nsito de veh&#xED;culos. Primera parte: 1917 - 1969--</subfield>
    <subfield code="t">Cronolog&#xED;a de las disposiciones relativas al tr&#xE1;nsito de veh&#xED;culos. Segunda parte: 1967 - 1998--</subfield>
    <subfield code="t">Ley 241 de tr&#xE1;nsito de veh&#xED;culos--  </subfield>
    <subfield code="t">T&#xED;tulo I, Definiciones-- </subfield>
    <subfield code="t">T&#xED;tulo II, Registro de veh&#xED;culos de motor y remolque--</subfield>
    <subfield code="t">T&#xED;tulo III, Licencia de conducir--</subfield>
    <subfield code="t">T&#xED;tulo IV, Accidentes--</subfield>
    <subfield code="t">T&#xED;tulo V, disposiciones sobre tr&#xE1;nsito y seguridad--</subfield>
    <subfield code="t">T&#xED;tulo VI, Equipos de los veh&#xED;culos--</subfield>
    <subfield code="t">T&#xED;tulo VII, De las dimensiones y peso de los veh&#xED;culos y de sus cargas--</subfield>
    <subfield code="t">T&#xED;tulo VIII, Servicio p&#xFA;blico, urbano e interurbano--</subfield>
    <subfield code="t">T&#xED;tulo IX, sistema de denuncia y citaci&#xF3;n simult&#xE1;neas--</subfield>
    <subfield code="t">T&#xED;tulo X, Escuela para conductores de veh&#xED;culos de motor--</subfield>
    <subfield code="t">T&#xED;tulo XI, Veh&#xED;culos de motor conducidos por quien lo alquila--</subfield>
    <subfield code="t">T&#xED;tulo XII, Suspensiones y cancelaciones de licencias y notificaciones de sentencia--</subfield>
    <subfield code="t">T&#xED;tulo XIII, Uso de la v&#xED;a p&#xFA;blica por los veh&#xED;culos de motor--</subfield>
    <subfield code="t">T&#xED;tulo XIV, Disposiciones generales--</subfield>
    <subfield code="t">T&#xED;tulo XV, disposiciones transitorias--</subfield>
    <subfield code="t">Ap&#xE9;ndices. Otras disposiciones relativas al tr&#xE1;nsito de veh&#xED;culos en la Rep&#xFA;blica Dominicana--</subfield>
    <subfield code="t">Ap&#xE9;ndice I. Normas sobre se&#xF1;ales de tr&#xE1;nsito--</subfield>
    <subfield code="t">Ap&#xE9;ndice II. Normas sobre seguro obligatorio--</subfield>
    <subfield code="t">Ap&#xE9;ndice III. Normas que crean instituciones reguladoras del tr&#xE1;nsito--</subfield>
    <subfield code="t">Ap&#xE9;ndice VI. Normas sobre conducci&#xF3;n y comportamiento vial--</subfield>
    <subfield code="t">Ap&#xE9;ndice VI. Normas sobre estacionamiento de veh&#xED;culos--</subfield>
    <subfield code="t">Gr&#xE1;fico sobre las principales se&#xF1;ales de tr&#xE1;nsito--</subfield>
    <subfield code="t">Gu&#xED;a tem&#xE1;tica de las disposiciones de la ley 241, sobre tr&#xE1;nsito de veh&#xED;culos, sus ,modificaciones y complementos.</subfield>
  </datafield>
  <datafield tag="590" ind1=" " ind2=" ">
    <subfield code="a">Inventariado, 2022/MFF</subfield>
  </datafield>
  <datafield tag="650" ind1=" " ind2="4">
    <subfield code="a">Reglamentos del transito</subfield>
    <subfield code="9">78971</subfield>
  </datafield>
  <datafield tag="650" ind1=" " ind2="4">
    <subfield code="a">Responsabilidad por accidentes de transito</subfield>
    <subfield code="9">81241</subfield>
  </datafield>
  <datafield tag="650" ind1=" " ind2="4">
    <subfield code="a">Jurisprudencia Civil-Rep&#xFA;blica Dominicana</subfield>
    <subfield code="9">78972</subfield>
  </datafield>
  <datafield tag="650" ind1=" " ind2="4">
    <subfield code="a">Reglamento de Tr&#xE1;nsito-Rep&#xFA;blica Dominicana</subfield>
    <subfield code="9">78973</subfield>
  </datafield>
  <datafield tag="650" ind1=" " ind2="4">
    <subfield code="a">Tr&#xE1;nsito-Legislaci&#xF3;n</subfield>
    <subfield code="9">78974</subfield>
  </datafield>
  <datafield tag="700" ind1="1" ind2=" ">
    <subfield code="a">Pedro P., Yermenos Forastieri,</subfield>
    <subfield code="e">prologuista</subfield>
    <subfield code="9">78975</subfield>
    <subfield code="4">pr.</subfield>
  </datafield>
  <datafield tag="910" ind1=" " ind2=" ">
    <subfield code="a">Validado. Control de calidad MFF</subfield>
  </datafield>
  <datafield tag="942" ind1=" " ind2=" ">
    <subfield code="2">ddc</subfield>
    <subfield code="c">LBS1</subfield>
  </datafield>
  <datafield tag="952" ind1=" " ind2=" ">
    <subfield code="0">0</subfield>
    <subfield code="1">0</subfield>
    <subfield code="2">ddc</subfield>
    <subfield code="5">1</subfield>
    <subfield code="7">0</subfield>
    <subfield code="8">PD</subfield>
    <subfield code="a">BNPHU</subfield>
    <subfield code="b">BNPHU</subfield>
    <subfield code="c">HD</subfield>
    <subfield code="d">2018-07-23</subfield>
    <subfield code="e">Donado por CERTV</subfield>
    <subfield code="l">0</subfield>
    <subfield code="o">BNPHU PD 343.72930946 C352d 1999</subfield>
    <subfield code="p">2021-2220</subfield>
    <subfield code="r">2021-06-23</subfield>
    <subfield code="w">2021-06-23</subfield>
    <subfield code="y">LBS1</subfield>
  </datafield>
  <datafield tag="952" ind1=" " ind2=" ">
    <subfield code="0">0</subfield>
    <subfield code="1">0</subfield>
    <subfield code="2">ddc</subfield>
    <subfield code="5">1</subfield>
    <subfield code="7">0</subfield>
    <subfield code="8">PD</subfield>
    <subfield code="a">BNPHU</subfield>
    <subfield code="b">BNPHU</subfield>
    <subfield code="c">HD</subfield>
    <subfield code="d">2022-03-25</subfield>
    <subfield code="e">Donaci&#xF3;n</subfield>
    <subfield code="l">0</subfield>
    <subfield code="o">BNPHU PD 343.72930946 C352d 1999</subfield>
    <subfield code="p">2022-0988</subfield>
    <subfield code="r">2022-03-25</subfield>
    <subfield code="t">e.2</subfield>
    <subfield code="w">2022-03-25</subfield>
    <subfield code="y">LBS1</subfield>
  </datafield>
  <datafield tag="999" ind1=" " ind2=" ">
    <subfield code="c">49990</subfield>
    <subfield code="d">49990</subfield>
  </datafield>
</record>
